| 000 | 01532cam a22004457a 4500 | ||
|---|---|---|---|
| 003 | CHAP | ||
| 005 | 20220329141949.0 | ||
| 008 | 981007d1997 mx a r 00110 eng d | ||
| 010 | _a76362 | ||
| 011 | _a77334 | ||
| 020 | _a9686923713 | ||
| 035 | _a86938 | ||
| 040 | _cCHAP | ||
| 082 | 0 | 4 |
_a633.15 _bW32 |
| 100 | 0 | 0 |
_aWarham, E. J. _9121072 |
| 245 | 1 | 0 |
_aSeed testing of maize and wheat : _ba laboratory guide _c/by E. J. Warham, L. D. Butler and B. C. Sutton |
| 260 |
_aMéxico, D.F. : _bInternational Maize and Wheat Improvement Center, _c1997? |
||
| 300 |
_a84 p. : _bilus. |
||
| 590 |
_aBATCH-UPD _b10 _c20130110 _lUCH01 _h0300 |
||
| 590 |
_aBATCH-UPD _b10 _c20130110 _lUCH01 _h1413 |
||
| 590 |
_aBATCH-UPD _b10 _c20130409 _lUCH01 _h2332 |
||
| 590 |
_aBATCH-UPD _b10 _c20130410 _lUCH01 _h1504 |
||
| 590 |
_aBATCH-UPD _b10 _c20130914 _lUCH01 _h0758 |
||
| 590 |
_aCONVERSION _b10 _c20130109 _lUCH01 _h1342 |
||
| 650 | 1 | 4 |
_aMaíz _xEnfermedades. _970939 |
| 650 | 1 | 4 |
_aMaíz _xGerminación. _970965 |
| 650 | 1 | 4 |
_aMaíz _xSemilla. _971059 |
| 650 | 1 | 4 |
_aSemillas _xAnálisis. _9103878 |
| 650 | 1 | 4 |
_aSemillas _xDesinfección. _9103890 |
| 650 | 1 | 4 |
_aSemillas _xManuales de laboratorio. _9103912 |
| 650 | 1 | 4 |
_aTrigo _xEnfermedades. _9115017 |
| 650 | 1 | 4 |
_aTrigo _xGerminación. _9115031 |
| 650 | 1 | 4 |
_aTrigo _xSemilla. _9115097 |
| 700 | 0 |
_aButler, L. D. _916438 |
|
| 700 | 0 |
_aSutton, B. C. _9110806 |
|
| 901 | _aBK | ||
| 905 | _aAlejandra Carrasco M. | ||
| 942 | _cLIBRO | ||
| 949 |
_a633.15 W32 _bBC _cC _d33724000707493 _eC _gc/e _h94243 _i86938 _sb |
||
| 999 |
_c76362 _d76362 |
||